000 00628nam a2200253Ia 4500
003 OSt
005 20221007105336.0
006 a|||||r|||| 00| 0
007 ta
008 221006b |||||||| |||| 00| 0 eng d
024 _a18,296
037 _cTextual
040 _aLCO
_cLCO
_beng
041 _2eng
_aeng
082 _aZ2,3y7, L2
100 _aIvamy E.R.H
245 0 _aCasebook on Mercantile Law
250 _a2nd
260 _aLondon
_bButterworths UK
_c1972
300 _a403
650 _aMERCANTILE LAW
_9402489
942 _hZ2,3y7, L2
_cTEXL
999 _c1187859
_d1187859